From midshipman to field marshal (Record no. 552194)

000 -LEADER
fixed length control field 00463cam a2200133Ki 4500
100 1# - MAIN ENTRY--PERSONAL NAME
Personal name Wood, Evelyn,
9 (RLIN) 49296
245 10 - TITLE STATEMENT
Title From midshipman to field marshal
Statement of responsibility, etc. by Evelyn Wood ; with twenty-four illustrations and maps.
250 ## - EDITION STATEMENT
Edition statement 3rd ed.
260 ## - PUBLICATION, DISTRIBUTION, ETC.
Place of publication, distribution, etc. New York :
Name of publisher, distributor, etc. Dutton,
Date of publication, distribution, etc. 1906.
300 ## - PHYSICAL DESCRIPTION
Extent 1 online resource (2 v.) :
Other physical details ill.
526 ## - STUDY PROGRAM INFORMATION NOTE
Program name 0
Interest level 0
Reading level 0
Title point value 355_009241000000000
856 40 - ELECTRONIC LOCATION AND ACCESS
Uniform Resource Identifier <a href="http://catalog.hathitrust.org/api/volumes/oclc/3340568.html">http://catalog.hathitrust.org/api/volumes/oclc/3340568.html</a>
942 ## - ADDED ENTRY ELEMENTS (KOHA)
Source of classification or shelving scheme
Koha item type Book
Holdings
Withdrawn status Lost status Source of classification or shelving scheme Damaged status Not for loan Permanent Location Current Location Shelving location Date acquired Total Checkouts Full call number Barcode Date last seen Price effective from Koha item type
          Military College of Engineering (MCE) Military College of Engineering (MCE)   01/09/2015   355.009241 MCE-ECF/64 01/09/2015 01/09/2015 Book
© 2023 Central Library, National University of Sciences and Technology. All Rights Reserved.